Inter Satellite Link Theory And Technology (Record no. 370446)

MARC details
000 -LEADER
fixed length control field 00311 a2200121 4500
005 - DATE AND TIME OF LATEST TRANSACTION
control field 20260311160322.0
008 - FIXED-LENGTH DATA ELEMENTS--GENERAL INFORMATION
fixed length control field 260311b |||||||| |||| 00| 0 eng d
020 ## - INTERNATIONAL STANDARD BOOK NUMBER
International Standard Book Number 9789819626328
100 ## - MAIN ENTRY--PERSONAL NAME
Author Yang J.
245 ## - TITLE STATEMENT
Title Inter Satellite Link Theory And Technology
260 ## - PUBLICATION, DISTRIBUTION, ETC.
Name of publisher, distributor, etc. Springer
Date of publication, distribution, etc. 2025
942 ## - ADDED ENTRY ELEMENTS (KOHA)
Koha item type Books
Holdings
Withdrawn status Lost status Source of classification or shelving scheme Damaged status Not for loan Home library Current library Date acquired Vendor Net Price Total Checkouts Full call number Barcode Date last seen Actual Price Bill Date Koha item type
    Dewey Decimal Classification   Reference Cummins College of Engineering for Women Pune Cummins College of Engineering for Women Pune 16/02/2026 115 12151.24   621.382 YAN CCEP-BK-70403 16/02/2026 17358.92 16/02/2026 Books
    Dewey Decimal Classification     Cummins College of Engineering for Women Pune Cummins College of Engineering for Women Pune 17/02/2026 115 12151.24   621.382 YAN CCEP-BK-70419 17/02/2026 17358.92 17/02/2026 Books